Catálogo

INTRODUCCION A PIAGET : (Registro nro. 5531)

Detalles MARC
000 -LEADER
fixed length control field 00444nam a2200169 a 4500
001 - CONTROL NUMBER
control field 5531
005 - DATE AND TIME OF LATEST TRANSACTION
control field 20180713185404.0
008 - FIXED-LENGTH DATA ELEMENTS--GENERAL INFORMATION
fixed length control field 140415s1975 ag 000 0 spa d
041 ## - LANGUAGE CODE
Language code of text/sound track or separate title spa
082 ## - DEWEY DECIMAL CLASSIFICATION NUMBER
Classification number 370.15
Item number GOR
100 1# - MAIN ENTRY--PERSONAL NAME
Personal name GORMAN, RICHARD M.
245 10 - TITLE STATEMENT
Title INTRODUCCION A PIAGET :
Remainder of title UNA GUIA PARA MAESTROS
250 ## - EDITION STATEMENT
Edition statement 1a ed.
260 ## - PUBLICATION, DISTRIBUTION, ETC.
Place of publication, distribution, etc. ARGENTINA :
Name of publisher, distributor, etc. PAIDOS,
Date of publication, distribution, etc. 1975
300 ## - PHYSICAL DESCRIPTION
Extent 126
650 14 - SUBJECT ADDED ENTRY--TOPICAL TERM
Topical term or geographic name entry element PSICOLOGIA EDUCATIVA
Existencias
Withdrawn status Lost status Source of classification or shelving scheme Damaged status Not for loan Collection code Home library Current library Shelving location Date acquired Source of acquisition Inventory number Total Checkouts Full call number Barcode Date last seen Date last checked out Price effective from Koha item type
    Dewey Decimal Classification     General Biblioteca Karol Wojtyla Biblioteca Karol Wojtyla Sala general 03/12/2013 Compra 151000000000000000043564 2 370.15 GOR 1745 05/01/2026 15/11/2019 15/01/2016 Libro
  No inventariado Dewey Decimal Classification       Biblioteca Karol Wojtyla Biblioteca Karol Wojtyla   03/12/2013 Compra     155.4 RIC 8414     03/12/2013 Libro